000 00983nam a2200241 a 4500
001 BRCA_5796
005 20190320205222.0
008 100311c1884----mx-######w---o000-0#spa-#
041 _aspa
044 _amx
050 4 _aAP7131
_b.D53
_c1884
245 1 0 _aDiario Oficial de la Federación Mexicana.
_cSecretaria de Hacienda y Crédito Público.
260 _aMéxico
_bSecretaría de Hacienda y Crédito Público.
_c1884
300 _a10v.
_c27 cm.
440 0 _aDiario Oficial de la Federación
_914693
500 _aH83
500 _aTomo CLXV Núm. 11 1884, Tomo CLXXXVII Núm. 21 1884, Tomo CLXXV Núm. 23 1884,Tomo CLXV Núm. 354 1884, Tomo CLXV Núm. 37 1884, Tomo CLXX Núm. 39 1884, Tomo CLXXXIII Núm. 50 1884 (3 volúmenes)
650 1 4 _aDiario Oficial de la Federación
_914693
650 1 4 _aPolítica
_vPublicación periódica
_zMéxico
_914694
710 2 _aSecretaria de Hacienda y Crédito Público.
_bGobierno Federal.
_914695
902 _aGFM
942 _2lcc
_cB
999 _c5485
_d5485